Score 0/20 Timer 05:00
3 Plays Today
Movie % Correct
Liar Liar - Fletcher Reede
89.2%
Legally Blonde - Elle Woods
87.3%
To Kill a Mockingbird - Atticus Finch
80.2%
A Few Good Men - JoAnne Galloway
79%
My Cousin Vinny - Vincent Gambini
64.4%
JFK - Jim Garrison
54.9%
The Lincoln Lawyer - Mick Haller
54.8%
Fear and Loathing in Las Vegas - Dr. Gonzo
54.6%
Ghostbusters II - The Judge
40%
Batman Begins - Rachel Dawes
36.2%
Movie % Correct
Duck Soup - Rufus T. Firefly
34.8%
Jurassic Park - Donald Gennaro
34.4%
Hook - Peter Banning
34%
Amistad - John Quincy Adams
33.1%
Erin Brockovich - Ed Masry
31.8%
The Verdict - Frank Galvin
27.3%
Regarding Henry - Henry Tucker
24.5%
The Incredibles - Unnamed lawyer
20.7%
Inherit the Wind - Henry Drummond
17.8%
Judgment at Nuremberg - Hans Rolf
9.6%
Remove Ads.
Support Sporcle.
Get the best of Sporcle when you Go Orange. This ad-free experience offers more features, more stats, and more fun while also helping to support Sporcle. Thank you for becoming a member.

You're not logged in!

Compare scores with friends on all Sporcle quizzes.
OR
Log In

Show Comments

Extras

Top Quizzes Today


Score Distribution

Your Account Isn't Verified!

In order to create a playlist on Sporcle, you need to verify the email address you used during registration. Go to your Sporcle Settings to finish the process.

Report this User

Report this user for behavior that violates our Community Guidelines.

Details: